000 00581nam a2200181Ia 4500
008 151018s9999 xx 000 0 und d
082 _bRBASDV48047
_a370
100 _aसौरभ इंदुरखा
245 _aआओ प्रयोग करे
250 _b1
260 _bबिंदिया प्रकाशन
_c2008
300 _a64
600 _aसौरभ इंदुरखा
630 _aआओ प्रयोग करे
700 _aसौरभ इंदुरखा
730 _aआओ प्रयोग करे
942 _cBOOK
999 _c1047177
_d1047174